LEADER 00968nam--2200361---450 001 990002709850203316 005 20220601121004.0 010 $a2-8251-1776-5 035 $a000270985 035 $aUSA01000270985 035 $a(ALEPH)000270985USA01 035 $a000270985 100 $a20060213d2003----km-y0itay0103----ba 101 $afre 102 $aSW 105 $a||||||||001yy 200 1 $a<> antisémitisme socialiste$edestrée la lettre au roi$fPol Vandromme 210 $aLausanne$cL'Age d'Homme$d2003 215 $a113 p.$d21 cm 410 0$12001 454 1$12001 461 1$1001-------$12001 606 0 $aSocialismo$yBelgio 676 $a949.3 700 1$aVANDROMME,$bPol$0132535 801 0$aIT$bsalbc$gISBD 912 $a990002709850203316 951 $aXV.4.B. 1$bF.B.$cXV.4. 959 $aBK 969 $aUMA 979 $aSENATORE$b90$c20060213$lUSA01$h1529 996 $aAntisémitisme socialiste$91001769 997 $aUNISA LEADER 03923 am 22007693u 450 001 996214903903316 005 20230125194753.0 010 $a2-8218-1702-9 010 $a1-906924-26-0 010 $a1-906924-24-4 035 $a(CKB)3680000000164599 035 $a(EBL)3384094 035 $a(SSID)ssj0000939994 035 $a(PQKBManifestationID)11596390 035 $a(PQKBTitleCode)TC0000939994 035 $a(PQKBWorkID)10939163 035 $a(PQKB)11726942 035 $a(Au-PeEL)EBL3384094 035 $a(CaPaEBR)ebr10715009 035 $a(OCoLC)923317904 035 $a(MiAaPQ)EBC3384094 035 $a(FrMaCLE)OB-obp-630 035 $a(oapen)https://directory.doabooks.org/handle/20.500.12854/34548 035 $a(PPN)182835693 035 $a(EXLCZ)993680000000164599 100 $a20130614d2010 uy 0 101 0 $aeng 135 $aurbn#---||||| 181 $ctxt$2rdacontent 182 $cc$2rdamedia 183 $acr$2rdacarrier 200 10$aText and genre in reconstruction$b[electronic resource] $eeffects of digitalization on ideas, behaviours, products and institutions /$fWillard McCarty 210 $aCambridge $cOpen Book Publishers$d2010 215 $a1 online resource (x,243 pages)$cillustrations; digital, PDF file(s) 225 1 $a[Digital humanities series$x2054-2429 ;$vvolume 1] 311 $a1-906924-25-2 320 $aIncludes bibliographical references and index. 327 $tNever say always again : reflections on the numbers game /$rJohn Burrows --$tTextual pathology /$rPeter Garrard --$tThe human presence in digital artefacts /$rAlan Galey --$tDefining electronic editions : a historical and functional perspective /$tEdward Vanhoutte --$tElectronic editions for everyone /$rPeter Robinson --$tHow literary works exist : implied, represented, and interpreted /$rPeter Shillingsburg --$tText as algorithm and as process /$rPaul Eggert --$t"I read the news today, oh boy!" : newspaper publishing in the online world /$rMarilyn Deegan and Kathryn Sutherland. 330 $a"In this broad-reaching, multi-disciplinary collection, leading scholars investigate how the digital medium has altered the way we read and write text. In doing so, it challenges the very notion of scholarship as it has traditionally been imagined. Incorporating scientific, socio-historical, materialist and theoretical approaches, this rich body of work explores topics ranging from how computers have affected our relationship to language, whether the book has become an obsolete object, the nature of online journalism, and the psychology of authorship. The essays offer a significant contribution to the growing debate on how digitization is shaping our collective identity, for better or worse. Text and Genre in Reconstruction will appeal to scholars in both the humanities and sciences and provides essential reading for anyone interested in the changing relationship between reader and text in the digital age."--Publisher's website. 410 0$aDigital humanities series ;$vvolume 1.$x2054-2429. 606 $aArchival materials$xDigitization 606 $aDigital preservation 610 $anewspapers 610 $ainformation technology 610 $aonline journalism 610 $adigital text 610 $acybertext 610 $aelectronic editions 610 $alinguistics 610 $acomputers 610 $adigitization 610 $apublishing 610 $aidentity 610 $aHypertext 610 $aWilliam Shakespeare 615 0$aArchival materials$xDigitization. 615 0$aDigital preservation. 676 $a303.4833 700 $aMcCarty$b Willard$0801187 702 $aMcCarty$b Willard$4oth 801 0$bMiAaPQ 801 1$bMiAaPQ 801 2$bMiAaPQ 906 $aBOOK 912 $a996214903903316 996 $aText and genre in reconstruction$92054258 997 $aUNISA